[Event "BCF-chT4 2223 (4NCL)"]
[Site "England"]
[Date "2023.03.26"]
[Round "8.44"]
[White "Vachtfeidl, Petr"]
[Black "Perchard, Matthew"]
[Result "1/2-1/2"]
[WhiteElo "1877"]
[BlackElo "1506"]
[PlyCount "84"]
[EventDate "2022.11.05"]
[EventType "team-swiss"]
[EventRounds "11"]
[EventCountry "ENG"]
[SourceTitle "EXT 2024"]
[Source "ChessBase"]
[SourceDate "2023.10.10"]
[SourceVersion "1"]
[SourceVersionDate "2023.10.10"]
[SourceQuality "1"]
[WhiteTeam "Kingston II"]
[BlackTeam "Celtic Tigers II"]
[WhiteTeamCountry "ENG"]
[BlackTeamCountry "ENG"]

1. d4 d5 2. c4 e6 3. Nc3 Nf6 4. Bg5 c6 5. e3 Nbd7 6. Nf3 Bd6 7. Bd3 dxc4 8. Bxc4 b5 9. Bd3 a6 10. e4 e5 11. d5 c5 12. 0-0 0-0 13. Re1 Qc7 14. Bf1 h6 15. Bh4 Re8 16. a4 b4 17. Nb1 a5 18. Bxf6 Nxf6 19. Nfd2 Rd8 20. Nc4 Ne8 21. Ne3 Be7 22. Nd2 Bg5 23. Ndc4 Bxe3 24. Rxe3 Ba6 25. b3 Bxc4 26. Bxc4 Nd6 27. Rc1 Ra7 28. Qg4 Qd7 29. Qxd7 Raxd7 30. Be2 Rc7 31. g3 Kf8 32. f4 f6 33. fxe5 fxe5 34. Bd3 Ke7 35. Re2 Rf8 36. Kg2 Nb7 37. Rec2 Kd6 38. Ba6 Nd8 39. Bd3 Rf6 40. Be2 Nb7 41. Ba6 Nd8 42. Be2 Nb7 1/2-1/2

[Event "BCF-chT4 2223 (4NCL)"]
[Site "England"]
[Date "2023.03.25"]
[Round "7.54"]
[White "Thurlow, Kevin J"]
[Black "Vachtfeidl, Petr"]
[Result "1/2-1/2"]
[WhiteElo "2009"]
[BlackElo "1877"]
[PlyCount "91"]
[EventDate "2022.11.05"]
[EventType "team-swiss"]
[EventRounds "11"]
[EventCountry "ENG"]
[SourceTitle "EXT 2024"]
[Source "ChessBase"]
[SourceDate "2023.10.10"]
[SourceVersion "1"]
[SourceVersionDate "2023.10.10"]
[SourceQuality "1"]
[WhiteTeam "War and Piece"]
[BlackTeam "Kingston II"]
[WhiteTeamCountry "ENG"]
[BlackTeamCountry "ENG"]

1. c4 e5 2. Nc3 Nf6 3. Nf3 Nc6 4. e3 Bb4 5. Qc2 Bxc3 6. Qxc3 Qe7 7. a3 d5 8. cxd5 Nxd5 9. Qc2 e4 10. Ng1 Bf5 11. Bb5 0-0 12. Bxc6 bxc6 13. Ne2 c5 14. b3 Rab8 15. Bb2 Rb6 16. 0-0 Rfb8 17. Ng3 Bg6 18. Qc4 c6 19. b4 a5 20. Rfc1 Rb5 21. Bc3 axb4 22. axb4 cxb4 23. Bb2 R5b6 24. Bd4 R6b7 25. Qxc6 Qd7 26. Rab1 b3 27. Qxd7 Rxd7 28. Rxb3 Rbd8 29. h4 h6 30. Rb5 f6 31. Rbc5 Kf7 32. h5 Bh7 33. Ne2 Ke6 34. g4 f5 35. Rc6+ Kf7 36. gxf5 Bxf5 37. Ng3 Bh7 38. Kg2 Nf4+ 39. Kh2 Ne6 40. Bc3 Ng5 41. Ba5 Ra8 42. Rc7 Ra7 43. Nf1 Ne6 44. Rxd7+ Rxd7 45. Kg3 Rd5 46. Bc3 1/2-1/2

[Event "BCF-chT4 2223 (4NCL)"]
[Site "England"]
[Date "2023.02.05"]
[Round "6.61"]
[White "Vachtfeidl, Petr"]
[Black "Page, Thomas"]
[Result "1/2-1/2"]
[WhiteElo "1877"]
[BlackElo "1830"]
[PlyCount "141"]
[EventDate "2022.11.05"]
[EventType "team-swiss"]
[EventRounds "11"]
[EventCountry "ENG"]
[SourceTitle "EXT 2024"]
[Source "ChessBase"]
[SourceDate "2023.10.10"]
[SourceVersion "1"]
[SourceVersionDate "2023.10.10"]
[SourceQuality "1"]
[WhiteTeam "Kingston II"]
[BlackTeam "Barnet Knights III"]
[WhiteTeamCountry "ENG"]
[BlackTeamCountry "ENG"]

1. d4 d5 2. c4 e6 3. Nc3 Nf6 4. Bg5 Nbd7 5. e3 c6 6. Nf3 Bd6 7. Bd3 b6 8. cxd5 exd5 9. 0-0 0-0 10. Qa4 Bb7 11. Rac1 b5 12. Qc2 h6 13. Bh4 Qb6 14. Bg3 Bxg3 15. hxg3 Rac8 16. b4 g5 17. Rfd1 Ne8 18. Bf5 Rd8 19. Bxd7 Rxd7 20. Ne5 Re7 21. Ne2 Nd6 22. Qc5 Qxc5 23. Rxc5 Rc8 24. Rdc1 Rec7 25. R5c3 Kg7 26. Ra3 a6 27. Nd3 Nc4 28. Rac3 a5 29. bxa5 Nxa5 30. Ra3 Nc4 31. Ra7 Ra8 32. Rxa8 Bxa8 33. Nc5 Bb7 34. a4 bxa4 35. Nxa4 Kf6 36. Nc5 Bc8 37. Ra1 h5 38. Nc3 Kf5 39. Ra8 Kg4 40. Kf1 h4 41. gxh4 Kxh4 42. Ke2 f5 43. Nb1 f4 44. Nd2 Bg4+ 45. f3 Nxd2 46. Rh8+ Kg3 47. Kxd2 fxe3+ 48. Ke2 Bf5 49. Rg8 g4 50. fxg4 Bxg4+ 51. Kxe3 Re7+ 52. Kd3 Kf4 53. Rf8+ Bf5+ 54. Kd2 Kg5 55. Rg8+ Kf6 56. g4 Bg6 57. Rd8 Be8 58. Rd6+ Kg5 59. Nd3 Kxg4 60. Ne5+ Kf4 61. Nxc6 Bxc6 62. Rxc6 Re4 63. Rf6+ Kg5 64. Rd6 Rxd4+ 65. Kc3 Rd1 66. Kc2 Rd4 67. Kc3 Rc4+ 68. Kd3 Rc5 69. Kd4 Ra5 70. Rxd5+ Rxd5+ 71. Kxd5 1/2-1/2

[Event "BCF-chT4 2223 (4NCL)"]
[Site "England"]
[Date "2023.01.07"]
[Round "3.24"]
[White "Vachtfeidl, Petr"]
[Black "Ashworth, Robert M"]
[Result "1-0"]
[WhiteElo "1877"]
[BlackElo "1907"]
[PlyCount "97"]
[EventDate "2022.11.05"]
[EventType "team-swiss"]
[EventRounds "11"]
[EventCountry "ENG"]
[SourceTitle "EXT 2024"]
[Source "ChessBase"]
[SourceDate "2023.10.10"]
[SourceVersion "1"]
[SourceVersionDate "2023.10.10"]
[SourceQuality "1"]
[WhiteTeam "Kingston II"]
[BlackTeam "Wotton Hall"]
[WhiteTeamCountry "ENG"]
[BlackTeamCountry "ENG"]

1. d4 d5 2. c4 c6 3. Nf3 Nf6 4. Nc3 e6 5. Bg5 Nbd7 6. e3 Qa5 7. cxd5 Nxd5 8. Qd2 Bb4 9. Rc1 0-0 10. Bd3 c5 11. a3 Bxc3 12. bxc3 h6 13. Bh4 Qxa3 14. e4 N5f6 15. 0-0 Qa5 16. Ra1 Qc7 17. Bg3 Qc6 18. Rfe1 b5 19. d5 exd5 20. exd5 Nxd5 21. Bxb5 Qxb5 22. Qxd5 Nb6 23. Qh5 Be6 24. Bd6 Rfc8 25. Nd4 Qd7 26. Nxe6 fxe6 27. Bxc5 Nd5 28. Bd4 Rc6 29. Qe5 Nf6 30. h3 a6 31. Re3 Rf8 32. Rg3 Kh8 33. Rb1 Qf7 34. Rf3 Qg6 35. Rb7 Rf7 36. Qb8+ Kh7 37. Qa7 Kg8 38. Qa8+ Rf8 39. Rxg7+ Kxg7 40. Qxc6 Qb1+ 41. Kh2 Qb8+ 42. g3 e5 43. Bc5 Rf7 44. Bd6 Qb1 45. Bxe5 Qg6 46. Rxf6 Rxf6 47. Qxa6 Qf5 48. Qxf6+ Qxf6 49. Bxf6+ 1-0

[Event "BCF-chT3Sa 1819 (4NCL)"]
[Site "England"]
[Date "2019.02.10"]
[Round "6.41"]
[White "Hughes, Roy"]
[Black "Vachtfeidl, Petr"]
[Result "1/2-1/2"]
[WhiteElo "1990"]
[BlackElo "1842"]
[PlyCount "125"]
[EventDate "2018.11.17"]
[EventType "team-tourn"]
[EventRounds "7"]
[EventCountry "ENG"]
[SourceTitle "EXT 2021"]
[Source "ChessBase"]
[SourceDate "2020.10.23"]
[SourceVersion "1"]
[SourceVersionDate "2020.10.23"]
[SourceQuality "1"]
[WhiteTeam "Iceni"]
[BlackTeam "CSC II"]
[WhiteTeamCountry "ENG"]
[BlackTeamCountry "ENG"]

1. d4 Nf6 2. Nf3 g6 3. Bf4 Bg7 4. e3 0-0 5. Be2 d5 6. h3 c5 7. c3 b6 8. a4 Nc6 9. 0-0 Nd7 10. Qb3 Bb7 11. Rd1 e5 12. dxe5 Ncxe5 13. a5 Qe7 14. a6 Bc6 15. Na3 Rfd8 16. Qc2 Rac8 17. Qd2 Nxf3+ 18. Bxf3 Ne5 19. Be2 Ba4 20. Rdb1 d4 21. cxd4 cxd4 22. Bxe5 dxe3 23. Qxe3 Qxe5 24. Qxe5 Bxe5 25. Nc4 Bb5 26. Nxe5 Bxe2 27. Rc1 Rxc1+ 28. Rxc1 Rd1+ 29. Rxd1 Bxd1 30. Nc6 Be2 31. Nxa7 Bxa6 32. Nc6 Kf8 33. f4 Bb7 34. Ne5 Ke7 35. Kf2 Bd5 36. g4 f6 37. Nd3 h6 38. h4 g5 39. hxg5 hxg5 40. fxg5 fxg5 41. Ke3 Kd6 42. Kd4 Be6 43. Nf2 Bd7 44. Ne4+ Ke7 45. Nxg5 Bxg4 46. Ne4 Ke6 47. Nd2 Kd6 48. Nc4+ Kc7 49. Ne5 Bd1 50. Kc4 Kd6 51. Nf7+ Kc6 52. Kb4 Be2 53. Ne5+ Kd5 54. Nd7 Kc6 55. Nf8 Bd3 56. Ne6 Bf1 57. Nd4+ Kd5 58. Nc2 Kc6 59. Ne3 Bd3 60. Nc4 Bxc4 61. Kxc4 b5+ 62. Kb4 Kb6 63. b3 1/2-1/2

[Event "London Classic op 10th"]
[Site "London"]
[Date "2018.12.12"]
[Round "4"]
[White "Laustsen, Lars"]
[Black "Vachtfeidl, Petr"]
[Result "1-0"]
[WhiteElo "2186"]
[BlackElo "1861"]
[PlyCount "73"]
[EventDate "2018.12.09"]
[EventType "swiss"]
[EventRounds "9"]
[EventCountry "ENG"]
[SourceTitle "CBM 187 Extra"]
[Source "ChessBase"]
[SourceDate "2018.11.04"]
[SourceVersion "1"]
[SourceVersionDate "2018.11.04"]
[SourceQuality "1"]

1. d4 Nf6 2. c4 g6 3. g3 Bg7 4. Bg2 d5 5. cxd5 Nxd5 6. Nf3 Nb6 7. Nc3 Nc6 8. e3 0-0 9. 0-0 Re8 10. Nh4 e5 11. d5 Na5 12. Rb1 Nac4 13. b3 Nd6 14. e4 f5 15. exf5 Nxf5 16. Ne4 Nxd5 17. Bg5 Nfe7 18. Qe2 c6 19. Rfc1 Qc7 20. b4 a6 21. Nc5 Kh8 22. Qc4 b6 23. Bxe7 Qxe7 24. Bxd5 cxd5 25. Qxd5 Bh3 26. Ne4 Be6 27. Qc6 Bxa2 28. Rb2 Qe6 29. Ng5 Qxc6 30. Rxc6 Bd5 31. Rxb6 Rac8 32. Rb1 e4 33. Ng2 Bd4 34. Rxa6 Bb7 35. Rd6 Rcd8 36. Rxd8 Rxd8 37. Nf7+ 1-0

[Event "London Classic op 10th"]
[Site "London"]
[Date "2018.12.09"]
[Round "1"]
[White "Vachtfeidl, Petr"]
[Black "Venkataramanan, TS."]
[Result "0-1"]
[WhiteElo "1861"]
[BlackElo "2253"]
[PlyCount "66"]
[EventDate "2018.12.09"]
[EventType "swiss"]
[EventRounds "9"]
[EventCountry "ENG"]
[SourceTitle "CBM 187 Extra"]
[Source "ChessBase"]
[SourceDate "2018.11.04"]
[SourceVersion "1"]
[SourceVersionDate "2018.11.04"]
[SourceQuality "1"]

1. d4 d5 2. c4 e6 3. Nc3 Nf6 4. Bg5 Be7 5. e3 0-0 6. Nf3 h6 7. Bh4 b6 8. Be2 Bb7 9. Bxf6 Bxf6 10. cxd5 exd5 11. Qb3 Re8 12. 0-0 c6 13. Rfd1 Nd7 14. Rac1 Nf8 15. Rd2 g6 16. h3 Bg7 17. Qa4 Ne6 18. Qd1 Qd6 19. a3 Rad8 20. b4 Qb8 21. Qb3 Re7 22. Rcd1 Red7 23. Ne1 Re7 24. g3 Ng5 25. h4 Nh3+ 26. Kg2 Bc8 27. b5 Nxf2 28. Nxd5 Rxd5 29. Kxf2 Be6 30. Bc4 Rxb5 31. Qc2 Rf5+ 32. Kg2 Bxc4 33. Qxc4 Rxe3 0-1

[Event "BCF-chT4S 1718 (4NCL)"]
[Site "England"]
[Date "2018.05.06"]
[Round "10.93"]
[White "Neale, George"]
[Black "Vachtfeidl, Petr"]
[Result "1/2-1/2"]
[WhiteElo "1668"]
[BlackElo "1927"]
[PlyCount "35"]
[EventDate "2017.11.11"]
[EventType "team-swiss"]
[EventRounds "11"]
[EventCountry "ENG"]
[SourceTitle "EXT 2020"]
[Source "ChessBase"]
[SourceDate "2019.10.17"]
[SourceVersion "1"]
[SourceVersionDate "2019.10.17"]
[SourceQuality "1"]
[WhiteTeam "Sussex Martlets III"]
[BlackTeam "CSC Dragons III"]
[WhiteTeamCountry "ENG"]
[BlackTeamCountry "ENG"]

1. d4 Nf6 2. Nf3 g6 3. g3 Bg7 4. Bg2 d5 5. 0-0 0-0 6. c4 Nc6 7. b3 Ne4 8. Bb2 Be6 9. cxd5 Bxd5 10. e3 Qd7 11. Nbd2 Nxd2 12. Nxd2 Bxg2 13. Kxg2 e5 14. dxe5 Nxe5 15. Nf3 Qxd1 16. Rfxd1 Nxf3 17. Bxg7 Ne1+ 18. Rxe1 1/2-1/2

[Event "BCF-chT4S 1718 (4NCL)"]
[Site "England"]
[Date "2018.03.24"]
[Round "7.22"]
[White "Szymanski, Mark"]
[Black "Vachtfeidl, Petr"]
[Result "1/2-1/2"]
[WhiteElo "1915"]
[BlackElo "1927"]
[PlyCount "37"]
[EventDate "2017.11.11"]
[EventType "team-swiss"]
[EventRounds "11"]
[EventCountry "ENG"]
[SourceTitle "EXT 2020"]
[Source "ChessBase"]
[SourceDate "2019.10.17"]
[SourceVersion "1"]
[SourceVersionDate "2019.10.17"]
[SourceQuality "1"]
[WhiteTeam "Iceni II"]
[BlackTeam "CSC Dragons II"]
[WhiteTeamCountry "ENG"]
[BlackTeamCountry "ENG"]

1. d4 Nf6 2. Nf3 g6 3. e3 Bg7 4. Bd3 0-0 5. c3 d5 6. 0-0 b6 7. Nbd2 Bb7 8. Ne5 c5 9. f4 Nfd7 10. Qg4 e6 11. Ndf3 Nf6 12. Qh3 Ne4 13. Bxe4 dxe4 14. Ng5 h6 15. Nxe6 fxe6 16. Qxe6+ Kh7 17. Qxg6+ Kg8 18. Qe6+ Kh7 19. Qg6+ 1/2-1/2

[Event "London Classic op"]
[Site "London"]
[Date "2017.12.07"]
[Round "7"]
[White "Vachtfeidl, Petr"]
[Black "Selkirk, Rebecca"]
[Result "1/2-1/2"]
[WhiteElo "1934"]
[BlackElo "1747"]
[PlyCount "86"]
[EventDate "2017.12.02"]
[EventType "swiss"]
[EventRounds "9"]
[EventCountry "ENG"]
[SourceTitle "CBM 182 Extra"]
[Source "ChessBase"]
[SourceDate "2018.02.23"]
[SourceVersion "1"]
[SourceVersionDate "2018.02.23"]
[SourceQuality "1"]

1. d4 d5 2. c4 c6 3. Nf3 Nf6 4. Nc3 e6 5. Bg5 h6 6. Bxf6 Qxf6 7. e3 Nd7 8. cxd5 exd5 9. Bd3 Nb6 10. Qc2 Bd6 11. h3 Bd7 12. Ke2 0-0-0 13. a3 Kb8 14. b4 Nc8 15. Rhb1 Ne7 16. b5 Rc8 17. Qb3 Rc7 18. bxc6 Bxc6 19. a4 g5 20. a5 Ka8 21. Bb5 Qf5 22. Bxc6 bxc6 23. a6 Rd7 24. g4 Qe6 25. Na4 Rb8 26. Qc3 Rdd8 27. Nc5 Qg6 28. Rb7 Nc8 29. Ne5 Bxe5 30. dxe5 Nb6 31. f4 gxf4 32. exf4 h5 33. Qd3 Qg8 34. Qf5 hxg4 35. hxg4 Qh8 36. Qh5 Rxb7 37. Nxb7 Qf8 38. Nxd8 Qb4 39. Rd1 Qe4+ 40. Kf2 Qc2+ 41. Ke1 Qe4+ 42. Kf1 Qf3+ 43. Ke1 Qe3+ 1/2-1/2

[Event "London Classic op"]
[Site "London"]
[Date "2017.12.05"]
[Round "5"]
[White "Vachtfeidl, Petr"]
[Black "De Abreu, Roberto N"]
[Result "0-1"]
[WhiteElo "1934"]
[BlackElo "2110"]
[PlyCount "44"]
[EventDate "2017.12.02"]
[EventType "swiss"]
[EventRounds "9"]
[EventCountry "ENG"]
[SourceTitle "CBM 182 Extra"]
[Source "ChessBase"]
[SourceDate "2018.02.23"]
[SourceVersion "1"]
[SourceVersionDate "2018.02.23"]
[SourceQuality "1"]

1. d4 Nf6 2. c4 c5 3. d5 b5 4. cxb5 a6 5. f3 e6 6. e4 c4 7. Bxc4 axb5 8. Bb3 Bc5 9. Nh3 Qb6 10. Nc3 0-0 11. Bg5 exd5 12. Nxd5 Nxd5 13. Bxd5 Ra4 14. a3 Nc6 15. Bh4 Rd4 16. Qb3 Qa5+ 17. Kf1 b4 18. Bf2 Ba6+ 19. Kg1 Rd2 20. Rf1 Nd4 21. Bxd4 Bxd4+ 22. Rf2 Qc5 0-1

[Event "London Classic op"]
[Site "London"]
[Date "2017.12.02"]
[Round "1"]
[White "Vachtfeidl, Petr"]
[Black "Vo, Thi Kim Phung"]
[Result "0-1"]
[WhiteElo "1934"]
[BlackElo "2380"]
[PlyCount "90"]
[EventDate "2017.12.02"]
[EventType "swiss"]
[EventRounds "9"]
[EventCountry "ENG"]
[SourceTitle "CBM 182 Extra"]
[Source "ChessBase"]
[SourceDate "2018.02.23"]
[SourceVersion "1"]
[SourceVersionDate "2018.02.23"]
[SourceQuality "1"]

1. d4 e6 2. c4 Nf6 3. Nc3 Bb4 4. e3 b6 5. Nge2 Bb7 6. a3 Be7 7. Nf4 d6 8. d5 e5 9. Nh5 Nxh5 10. Qxh5 g6 11. Qh6 Bf8 12. Qh3 Bc8 13. Qf3 a5 14. b3 Bg7 15. e4 Nd7 16. Bd3 0-0 17. Rb1 f5 18. Qe2 f4 19. f3 Nf6 20. b4 axb4 21. axb4 Rf7 22. Qf2 Bf8 23. Nb5 g5 24. h3 Nh5 25. Bb2 Ng3 26. Rg1 Be7 27. Qc2 h5 28. Ra1 Rxa1+ 29. Bxa1 g4 30. hxg4 hxg4 31. Na7 Bd7 32. Nc6 Qa8 33. Qb2 Bxc6 34. dxc6 Qxc6 35. c5 bxc5 36. Bc4 cxb4 37. Bxf7+ Kxf7 38. Kd2 Qc4 39. Re1 Nf1+ 40. Kd1 Ne3+ 41. Kd2 Nxg2 42. Rc1 Qe6 43. Rxc7 gxf3 44. Qxb4 Ne3 45. Qb7 f2 0-1

[Event "BCF-chT4S 1718 (4NCL)"]
[Site "England"]
[Date "2017.11.12"]
[Round "2.54"]
[White "Vachtfeidl, Petr"]
[Black "Hung, Jake"]
[Result "1-0"]
[WhiteElo "1927"]
[BlackElo "1664"]
[PlyCount "81"]
[EventDate "2017.11.11"]
[EventType "team-swiss"]
[EventRounds "11"]
[EventCountry "ENG"]
[SourceTitle "EXT 2020"]
[Source "ChessBase"]
[SourceDate "2019.10.17"]
[SourceVersion "1"]
[SourceVersionDate "2019.10.17"]
[SourceQuality "1"]
[WhiteTeam "CSC Dragons II"]
[BlackTeam "Barnet Knights II"]
[WhiteTeamCountry "ENG"]
[BlackTeamCountry "ENG"]

1. d4 Nf6 2. c4 Nc6 3. Nc3 e5 4. d5 Ne7 5. e4 Ng6 6. Bd3 Bc5 7. Nf3 0-0 8. h3 d6 9. 0-0 a6 10. a3 Nh5 11. b4 Ba7 12. Be3 Bxe3 13. fxe3 Ng3 14. Rf2 f5 15. Kh2 f4 16. exf4 exf4 17. c5 Ne5 18. Nxe5 dxe5 19. Bc4 Kh8 20. d6 c6 21. Rd2 Bd7 22. Qf3 g5 23. Ne2 g4 24. Qc3 Nxe4 25. Qxe5+ Qf6 26. Qxf6+ Rxf6 27. Rd4 Re8 28. hxg4 f3 29. gxf3 Rxf3 30. Kg2 Ng5 31. Ng1 Rfe3 32. Ra2 R8e4 33. Rxe4 Rxe4 34. Be2 Bxg4 35. Bxg4 Rxg4+ 36. Kf2 Ne4+ 37. Kf3 Rxg1 38. Kxe4 Rd1 39. Ke5 Kg7 40. Ke6 Kf8 41. d7 1-0